<?xml version="1.0" encoding="UTF-8"?>
<record
    xmlns:xsi="http://www.w3.org/2001/XMLSchema-instance"
    xsi:schemaLocation="http://www.loc.gov/MARC21/slim http://www.loc.gov/standards/marcxml/schema/MARC21slim.xsd"
    xmlns="http://www.loc.gov/MARC21/slim">

  <leader>00947nam a22002297a 4500</leader>
  <datafield tag="999" ind1=" " ind2=" ">
    <subfield code="c">75316</subfield>
    <subfield code="d">75316</subfield>
  </datafield>
  <controlfield tag="005">20210601090136.0</controlfield>
  <controlfield tag="008">      s2558    th                  tha d</controlfield>
  <datafield tag="020" ind1=" " ind2=" ">
    <subfield code="a">9786162755927</subfield>
  </datafield>
  <datafield tag="040" ind1=" " ind2=" ">
    <subfield code="a">NALT</subfield>
  </datafield>
  <datafield tag="041" ind1=" " ind2=" ">
    <subfield code="a">tha</subfield>
  </datafield>
  <datafield tag="050" ind1=" " ind2=" ">
    <subfield code="a">HF 5726 </subfield>
    <subfield code="b">&#xE2D;772&#xE02; 2558</subfield>
  </datafield>
  <datafield tag="100" ind1="0" ind2=" ">
    <subfield code="a">E Messenger</subfield>
    <subfield code="9">21481</subfield>
  </datafield>
  <datafield tag="245" ind1="1" ind2="0">
    <subfield code="a">&#xE02;&#xE22;&#xE32;&#xE22;&#xE15;&#xE25;&#xE32;&#xE14;&#xE44;&#xE1B;&#xE17;&#xE31;&#xE48;&#xE27;&#xE42;&#xE25;&#xE01;&#xE14;&#xE49;&#xE27;&#xE22; E-Mail Facebook Line /</subfield>
    <subfield code="c">E Messenger.</subfield>
  </datafield>
  <datafield tag="260" ind1=" " ind2=" ">
    <subfield code="a">&#xE01;&#xE23;&#xE38;&#xE07;&#xE40;&#xE17;&#xE1E;&#xE2F; : </subfield>
    <subfield code="b">&#xE40;&#xE2D;&#xE47;&#xE14;&#xE14;&#xE39;&#xE40;&#xE04;&#xE0A;&#xE31;&#xE48;&#xE19; &#xE44;&#xE21;&#xE19;&#xE31;&#xE14; &#xE44;&#xE25;&#xE19;&#xE4C; &#xE21;&#xE31;&#xE25;&#xE15;&#xE34;&#xE21;&#xE35;&#xE40;&#xE14;&#xE35;&#xE22;, </subfield>
    <subfield code="c">2558.</subfield>
  </datafield>
  <datafield tag="300" ind1=" " ind2=" ">
    <subfield code="a">260 &#xE2B;&#xE19;&#xE49;&#xE32; ;</subfield>
    <subfield code="b"> </subfield>
    <subfield code="c">21 &#xE0B;&#xE21;.</subfield>
  </datafield>
  <datafield tag="650" ind1=" " ind2="0">
    <subfield code="a">&#xE08;&#xE14;&#xE2B;&#xE21;&#xE32;&#xE22;&#xE2D;&#xE34;&#xE40;&#xE25;&#xE47;&#xE01;&#xE17;&#xE23;&#xE2D;&#xE19;&#xE34;&#xE01;&#xE2A;&#xE4C;</subfield>
    <subfield code="9">21482</subfield>
  </datafield>
  <datafield tag="650" ind1=" " ind2="4">
    <subfield code="a">&#xE01;&#xE32;&#xE23;&#xE40;&#xE02;&#xE35;&#xE22;&#xE19;&#xE08;&#xE14;&#xE2B;&#xE21;&#xE32;&#xE22;</subfield>
    <subfield code="9">21483</subfield>
  </datafield>
  <datafield tag="650" ind1=" " ind2="4">
    <subfield code="a">&#xE08;&#xE14;&#xE2B;&#xE21;&#xE32;&#xE22;&#xE18;&#xE38;&#xE23;&#xE01;&#xE34;&#xE08;</subfield>
    <subfield code="9">21484</subfield>
  </datafield>
  <datafield tag="850" ind1=" " ind2=" ">
    <subfield code="a">NALT</subfield>
  </datafield>
  <datafield tag="942" ind1=" " ind2=" ">
    <subfield code="c">GB</subfield>
    <subfield code="0">3</subfield>
    <subfield code="2">lcc</subfield>
  </datafield>
  <datafield tag="998" ind1=" " ind2=" ">
    <subfield code="j">1020</subfield>
    <subfield code="k"> &#xE08;&#xE33;&#xE40;&#xE23;&#xE35;&#xE22;&#xE07; &#xE23;&#xE30;&#xE27;&#xE31;&#xE07;&#xE2A;&#xE33;&#xE42;&#xE23;&#xE07;</subfield>
  </datafield>
  <datafield tag="952" ind1=" " ind2=" ">
    <subfield code="0">0</subfield>
    <subfield code="1">0</subfield>
    <subfield code="2">lcc</subfield>
    <subfield code="4">0</subfield>
    <subfield code="7">0</subfield>
    <subfield code="8">CGBL</subfield>
    <subfield code="a">NALT</subfield>
    <subfield code="b">NALT</subfield>
    <subfield code="e">&#xE08;&#xE31;&#xE14;&#xE0B;&#xE37;&#xE49;&#xE2D;&#xE17;&#xE23;&#xE31;&#xE1E;&#xE22;&#xE32;&#xE01;&#xE23;</subfield>
    <subfield code="g">195.00</subfield>
    <subfield code="l">3</subfield>
    <subfield code="o">HF 5726 &#xE2D;772&#xE02; 2558</subfield>
    <subfield code="p">3961203471</subfield>
    <subfield code="r">2018-01-09 00:00:00</subfield>
    <subfield code="s">2017-12-21</subfield>
    <subfield code="v">245.00</subfield>
    <subfield code="w">2017-06-09</subfield>
    <subfield code="y">GB</subfield>
  </datafield>
</record>
